[Event "Helsinki Chess Circuit"]
[Site "?"]
[Date "2001.02.18"]
[Round "7"]
[White "Kekki, Petri"]
[Black "Pirttimaeki, Timo"]
[Result "1-0"]
[WhiteElo "2297"]
[BlackElo "2257"]
[PlyCount "149"]
[EventDate "2001.02.12"]

1. d4 Nf6 2. c4 c5 3. d5 a6 4. a4 e6 5. Nc3 exd5 6. cxd5 Bd6 7. Nf3 O-O 8. Nd2
Be5 9. Nc4 d6 10. a5 Nbd7 11. Bg5 h6 12. Bh4 Re8 13. e3 b5 14. axb6 Nxb6 15.
Nxe5 Rxe5 16. Be2 Nbd7 17. Bg3 Re8 18. Bxd6 Qb6 19. Bg3 Qxb2 20. Rc1 Nb6 21.
O-O Bf5 22. Bf3 Nbd7 23. Bc7 Ra7 24. d6 Rc8 25. Re1 g6 26. e4 Be6 27. e5 Bb3
28. Qe2 Qxe2 29. Rxe2 Ne8 30. Bc6 Be6 31. Bxd7 Bxd7 32. Nd5 Kf8 33. Rxc5 Nxc7
34. Nxc7 Rb8 35. f3 Rb6 36. Ra2 Be6 37. Nxe6+ fxe6 38. Rc7 Rxc7 39. dxc7 Rc6
40. Rxa6 Rxc7 41. Rxe6 Kf7 42. Rf6+ Kg7 43. Rd6 g5 44. Rd2 Kf7 45. Kf2 Ke6 46.
Rd6+ Kxe5 47. Rxh6 Rc2+ 48. Kg3 Ra2 49. Rh8 Kf6 50. h4 gxh4+ 51. Rxh4 Kf5 52.
Rb4 Rc2 53. Rb5+ Kg6 54. f4 Ra2 55. Kf3 Ra3+ 56. Kg4 Ra6 57. g3 Rc6 58. Kh4 Rc4
59. Re5 Ra4 60. Kg4 Kf6 61. Re3 Ra1 62. Rb3 Ra6 63. Kf3 Kg6 64. g4 Rc6 65. Rd3
Ra6 66. Rc3 Rb6 67. Rc4 Ra6 68. Ke4 Kf6 69. Kd5 Ra5+ 70. Rc5 Ra1 71. Rc6+ Kf7
72. Rc7+ Kf6 73. g5+ Kg6 74. Rc6+ Kg7 75. Ke4 1-0

[Event "Helsinki Chess Circuit"]
[Site "?"]
[Date "2001.02.18"]
[Round "7"]
[White "Norri, Joose"]
[Black "Sarakauskas, Gediminas"]
[Result "1-0"]
[WhiteElo "2398"]
[BlackElo "2408"]
[PlyCount "111"]
[EventDate "2001.02.12"]

1. d4 d6 2. e4 Nf6 3. Nc3 g6 4. Be3 Bg7 5. Qd2 c6 6. Nf3 Bg4 7. Be2 O-O 8. a4
e5 9. O-O Qe7 10. h3 Bxf3 11. Bxf3 Na6 12. g3 Rfd8 13. Bg2 Nb4 14. Rfe1 Qf8 15.
Rad1 d5 16. dxe5 Nxe4 17. Bxe4 dxe4 18. Qe2 Bxe5 19. Nxe4 Nd5 20. Bg5 f6 21.
Bc1 f5 22. Ng5 Re8 23. Qc4 Bf6 24. Rxe8 Rxe8 25. Rxd5 cxd5 26. Qxd5+ Kg7 27.
Ne6+ Rxe6 28. Qxe6 Qb4 29. Qd7+ Kg8 30. Bh6 Qe1+ 31. Kg2 Qe4+ 32. Kh2 g5 33. c3
f4 34. gxf4 Qxf4+ 35. Kg1 Qe4 36. Qg4 Qxg4+ 37. hxg4 Kf7 38. Kg2 Be7 39. f4
gxf4 40. Kf3 Kg6 41. Bxf4 h5 42. gxh5+ Kxh5 43. Ke4 Kg6 44. Kd5 Kf7 45. Be3 a6
46. Bb6 Ke8 47. Ke6 Bf8 48. c4 Bh6 49. b3 Bf4 50. b4 Bg3 51. b5 axb5 52. cxb5
Bf4 53. a5 Bg3 54. a6 bxa6 55. bxa6 Bb8 56. Bc7 1-0

[Event "Helsinki Chess Circuit ELO"]
[Site "?"]
[Date "2001.02.18"]
[Round "7"]
[White "Ciuksyte, Zivile"]
[Black "Turtiainen, Tauno"]
[Result "1-0"]
[WhiteElo "2098"]
[BlackElo "2000"]
[PlyCount "85"]
[EventDate "2001.02.12"]

1. e4 c5 2. Nf3 Nc6 3. d4 cxd4 4. Nxd4 e5 5. Nb5 d6 6. N1c3 a6 7. Na3 Nf6 8.
Bg5 Be7 9. Bxf6 Bxf6 10. Nd5 Bg5 11. Nc4 Be6 12. Ndb6 Bxc4 13. Nxc4 Be7 14. Ne3
O-O 15. c3 Bg5 16. Nf5 Be7 17. Bc4 g6 18. Qg4 Kh8 19. Nh6 Kg7 20. Nf5+ Kh8 21.
Ne3 Bg5 22. O-O Bxe3 23. fxe3 Kg7 24. Rf3 Qc8 25. Qh4 Qd8 26. Qf2 f6 27. Rf1
Qe7 28. Bd5 Rac8 29. Qh4 Rc7 30. Rh3 Kh8 31. Qg4 Qg7 32. Rhf3 Qe7 33. Rh3 Qg7
34. Rhf3 Qe7 35. h4 Qg7 36. Qe6 f5 37. Qxd6 Rd8 38. Qa3 Ne7 39. Be6 Rd2 40.
R3f2 Rxf2 41. Rxf2 Qf6 42. exf5 Nxf5 43. e4 1-0

[Event "Helsinki Chess Circuit ELO"]
[Site "?"]
[Date "2001.02.18"]
[Round "7"]
[White "Tuovinen, Jukka"]
[Black "Lako, Mika"]
[Result "1/2-1/2"]
[WhiteElo "2000"]
[BlackElo "2174"]
[PlyCount "34"]
[EventDate "2001.02.12"]

1. e4 c5 2. Nf3 Nc6 3. d4 cxd4 4. Nxd4 Nf6 5. Nc3 d6 6. Be2 g6 7. O-O Bg7 8.
Be3 O-O 9. Nb3 Be6 10. f4 Na5 11. Nxa5 Qxa5 12. Bf3 Rfd8 13. Nd5 Nxd5 14. exd5
Bd7 15. c3 b5 16. Bd4 Rab8 17. a3 Qa4 1/2-1/2

[Event "Helsinki Chess Circuit"]
[Site "?"]
[Date "2001.02.19"]
[Round "8"]
[White "Pirttimaeki, Timo"]
[Black "Norri, Joose"]
[Result "1-0"]
[WhiteElo "2257"]
[BlackElo "2398"]
[PlyCount "123"]
[EventDate "2001.02.12"]

1. d4 Nf6 2. c4 e6 3. Nc3 Bb4 4. Bg5 h6 5. Bh4 d5 6. e3 Nbd7 7. Nf3 c5 8. a3
Bxc3+ 9. bxc3 Qa5 10. Qb3 O-O 11. dxc5 Qxc5 12. Be2 b6 13. cxd5 Nxd5 14. c4
Qa5+ 15. Nd2 Nc5 16. Qb1 Nc3 17. Qb4 Nxe2 18. Qxa5 bxa5 19. Kxe2 Ba6 20. Be7
Rfc8 21. Bxc5 Rxc5 22. Rhc1 Rac8 23. Rab1 g5 24. Ke1 Kg7 25. Rb3 Kg6 26. Rd3
R8c7 27. Rd4 h5 28. f3 R5c6 29. h4 gxh4 30. Rxh4 e5 31. Re4 f6 32. Rh4 Rd7 33.
Ke2 f5 34. g4 hxg4 35. fxg4 f4 36. Nf3 Re7 37. Rch1 Bxc4+ 38. Ke1 Rb6 39. Rh6+
Kg7 40. Rh7+ Kf8 41. Rxe7 Kxe7 42. Rh7+ Kd6 43. exf4 exf4 44. Rxa7 Rb3 45. Nh4
Rxa3 46. g5 Kc5 47. g6 Re3+ 48. Kf2 Kb6 49. Rf7 Re4 50. Rf6+ Kc5 51. g7 Re5 52.
Nf5 a4 53. Rf8 Be6 54. Re8 Rxf5 55. Rxe6 Rg5 56. Re5+ Rxe5 57. g8=Q Kb4 58.
Qf8+ Rc5 59. Ke2 a3 60. Kd3 a2 61. Qb8+ Rb5 62. Qxf4+ 1-0

[Event "Helsinki Chess Circuit"]
[Site "?"]
[Date "2001.02.19"]
[Round "8"]
[White "Van Hoolandt, Patrick"]
[Black "Kekki, Petri"]
[Result "0-1"]
[WhiteElo "2211"]
[BlackElo "2297"]
[PlyCount "74"]
[EventDate "2001.02.12"]

1. c4 Nf6 2. Nc3 d5 3. cxd5 Nxd5 4. Nf3 g6 5. Qa4+ Bd7 6. Qh4 Nxc3 7. dxc3 Nc6
8. e4 e5 9. Bg5 Be7 10. Bc4 h6 11. Bxe7 Qxe7 12. Qg3 O-O-O 13. O-O g5 14. Rfe1
f6 15. Rad1 Be6 16. Nd2 Rd6 17. Bb3 Rhd8 18. Nf1 Bxb3 19. Rxd6 Rxd6 20. axb3
Qe6 21. b4 Kb8 22. Qf3 a5 23. bxa5 Nxa5 24. Rd1 Nc4 25. b3 Na5 26. c4 Rxd1 27.
Qxd1 Qb6 28. Nd2 Qd4 29. Qc2 Nc6 30. Nf1 Nb4 31. Qd2 Nd3 32. Ng3 h5 33. h4 gxh4
34. Nxh5 Qa1+ 35. Kh2 Qf1 36. Kh3 Nxf2+ 37. Kxh4 Qh1+ 0-1

[Event "Helsinki Chess Circuit"]
[Site "?"]
[Date "2001.02.19"]
[Round "8"]
[White "Bergstroem, Rolf"]
[Black "Nyysti, Sampsa"]
[Result "1/2-1/2"]
[WhiteElo "2308"]
[BlackElo "2284"]
[PlyCount "115"]
[EventDate "2001.02.12"]

1. e4 c5 2. Nf3 e6 3. c4 a6 4. Nc3 Qc7 5. Be2 Nc6 6. O-O Bd6 7. h3 Nf6 8. d4
cxd4 9. Nxd4 Nxd4 10. Qxd4 b6 11. Qd3 Bb7 12. f4 Bc5+ 13. Kh1 h5 14. Be3 Rc8
15. Rad1 Bxe3 16. Qxe3 h4 17. Rd2 Qc5 18. Qd4 Rc7 19. Rfd1 Qxd4 20. Rxd4 g5 21.
fxg5 Nh7 22. g6 fxg6 23. Kg1 Bc6 24. e5 Ng5 25. Bd3 Ke7 26. Nd5+ exd5 27. cxd5
Bxd5 28. Rxd5 b5 29. Rd6 Nf7 30. Rxa6 Nxe5 31. Bxg6 Nxg6 32. Rxg6 Rc2 33. Rg7+
Kf6 34. Rgxd7 Rxb2 35. R7d2 Rb4 36. Rf1+ Ke5 37. Re1+ Re4 38. Rxe4+ Kxe4 39.
Rb2 Rh5 40. Kf2 Kd4 41. g3 hxg3+ 42. Kxg3 Rc5 43. Kf4 Kd5 44. Re2 Rc8 45. h4
Rf8+ 46. Kg5 Rg8+ 47. Kf5 Rf8+ 48. Kg6 Rg8+ 49. Kf7 Rg3 50. Rh2 Rf3+ 51. Ke7
Re3+ 52. Kd7 b4 53. h5 b3 54. axb3 Rxb3 55. h6 Rb7+ 56. Ke8 Ke6 57. Kf8 Kf6 58.
Rf2+ 1/2-1/2

[Event "Helsinki Chess Circuit"]
[Site "?"]
[Date "2001.02.19"]
[Round "8"]
[White "Luukkonen, Tommi"]
[Black "Keskinen, Sauli"]
[Result "0-1"]
[WhiteElo "2158"]
[BlackElo "2252"]
[PlyCount "76"]
[EventDate "2001.02.12"]

1. d4 Nf6 2. c4 g6 3. Nc3 Bg7 4. e4 d6 5. f3 O-O 6. Be3 e5 7. Nge2 Nbd7 8. Qd2
a6 9. d5 Qe7 10. g4 Nc5 11. Ng3 Bd7 12. h4 Rfb8 13. Bh6 Bh8 14. h5 b5 15. O-O-O
b4 16. Nce2 Ba4 17. Re1 Bb3 18. Kb1 Bxc4 19. Nc1 Bb5 20. Bg5 Qd7 21. Rh4 c6 22.
Bxb5 cxb5 23. Qxb4 Rb7 24. Qd2 Rc8 25. Reh1 b4 26. Be3 b3 27. axb3 Nxb3 28.
Nxb3 Rxb3 29. hxg6 fxg6 30. g5 Rcb8 31. gxf6 Qb5 32. R4h2 Bxf6 33. Rd1 Qa4 34.
Rc1 Ra3 35. Rc8+ Rxc8 36. bxa3 Qb3+ 37. Qb2 Qxe3 38. Rc2 Rxc2 0-1

[Event "Helsinki Chess Circuit"]
[Site "?"]
[Date "2001.02.19"]
[Round "8"]
[White "Nybaeck, Tomi"]
[Black "Kiik, Kalle"]
[Result "1-0"]
[WhiteElo "2211"]
[BlackElo "2450"]
[PlyCount "69"]
[EventDate "2001.02.12"]

1. Nf3 g6 2. d4 Bg7 3. Nc3 d5 4. Bf4 c6 5. e3 Nd7 6. Be2 Ngf6 7. Ne5 Nxe5 8.
Bxe5 O-O 9. Qd2 b5 10. f3 a5 11. O-O Ba6 12. Nd1 Qb6 13. Nf2 Rad8 14. c3 Nd7
15. Bxg7 Kxg7 16. e4 Bb7 17. Ng4 c5 18. e5 cxd4 19. cxd4 f6 20. f4 f5 21. Ne3
e6 22. g4 Nb8 23. gxf5 gxf5 24. Kh1 Kh8 25. Rg1 Nc6 26. Nc2 b4 27. Rg3 a4 28.
Rag1 Rg8 29. Qe3 Ne7 30. Bh5 Rxg3 31. Qxg3 Rg8 32. Qh4 Rxg1+ 33. Kxg1 Ng8 34.
Bf7 b3 35. Qg5 1-0

[Event "Helsinki Chess Circuit ELO"]
[Site "?"]
[Date "2001.02.19"]
[Round "8"]
[White "Lardot, Derik"]
[Black "Tuovinen, Jukka"]
[Result "0-1"]
[WhiteElo "2054"]
[BlackElo "2000"]
[PlyCount "120"]
[EventDate "2001.02.12"]

1. e4 e5 2. d4 exd4 3. Qxd4 Nc6 4. Qa4 d6 5. Bb5 Bd7 6. Nc3 a6 7. Bxc6 Bxc6 8.
Qd4 Qf6 9. Nf3 Qxd4 10. Nxd4 Ne7 11. Bg5 f6 12. Bf4 Ng6 13. Bg3 Kd7 14. O-O-O
h5 15. h3 h4 16. Bh2 Re8 17. Rhe1 Rh5 18. Nxc6 Kxc6 19. Rd5 Rg5 20. g4 hxg3 21.
fxg3 Ne5 22. Rf1 Rh5 23. h4 g5 24. Rf5 Rh7 25. Bg1 gxh4 26. gxh4 Rxh4 27. Rxf6
Bh6+ 28. Kb1 Rh1 29. Rd1 Nc4 30. a3 Nd2+ 31. Ka2 Bg7 32. Rf4 Bxc3 33. bxc3 Rxe4
34. Rf2 Nc4 35. Rff1 Re2 36. Kb3 Nd2+ 37. Rxd2 Rxd2 38. Be3 Rxf1 39. Bxd2 Rf3
40. Bh6 Kb5 41. Bg5 a5 42. a4+ Kc5 43. Bd8 Rf7 44. Bg5 Rf3 45. Bd8 Kc6 46. Kb2
d5 47. Be7 Rf4 48. Kb3 b5 49. axb5+ Kxb5 50. Bg5 Rf3 51. Kb2 c5 52. Bd8 a4 53.
Bc7 Kc4 54. Be5 Rf2 55. Kb1 a3 56. Bg7 a2+ 57. Ka1 Rxc2 58. Bh6 Kb3 59. c4 Rf2
60. Bc1 Rf1 0-1

[Event "Helsinki Chess Circuit ELO"]
[Site "?"]
[Date "2001.02.19"]
[Round "8"]
[White "Lako, Mika"]
[Black "Ciuksyte, Zivile"]
[Result "1/2-1/2"]
[WhiteElo "2174"]
[BlackElo "2098"]
[PlyCount "45"]
[EventDate "2001.02.12"]

1. d4 d5 2. Nf3 Nf6 3. c4 dxc4 4. e3 Bg4 5. Bxc4 e6 6. h3 Bh5 7. Nc3 Nbd7 8.
O-O Bd6 9. e4 e5 10. g4 Bg6 11. dxe5 Nxe5 12. Nxe5 Bxe5 13. f4 Qd4+ 14. Qxd4
Bxd4+ 15. Kh2 Bxc3 16. bxc3 Bxe4 17. g5 Bd5 18. Re1+ Kd7 19. Bd3 Ne8 20. c4 Bc6
21. Bb2 Ba4 22. Re2 Rd8 23. Rd2 1/2-1/2

[Event "Helsinki Chess Circuit ELO"]
[Site "?"]
[Date "2001.02.19"]
[Round "8"]
[White "Turtiainen, Tauno"]
[Black "Myllyniemi, Martti"]
[Result "1-0"]
[WhiteElo "2000"]
[BlackElo "2155"]
[PlyCount "53"]
[EventDate "2001.02.12"]

1. e4 d6 2. d4 Nf6 3. Nc3 g6 4. Bg5 Bg7 5. Qd2 c6 6. f4 O-O 7. Nf3 b5 8. Bd3 b4
9. Ne2 c5 10. e5 Nd5 11. Be4 Bb7 12. dxc5 dxc5 13. Rd1 Qb6 14. Bxd5 Bxd5 15.
Qxd5 Nc6 16. O-O Rad8 17. Qe4 f6 18. Bh4 c4+ 19. Bf2 Qa6 20. Ned4 Na5 21. exf6
Rxf6 22. c3 bxc3 23. bxc3 Rdf8 24. Qxe7 Nc6 25. Nxc6 Qxc6 26. Ne5 Qe4 27. Rd7
1-0

[Event "Helsinki Chess Circuit"]
[Site "?"]
[Date "2001.02.20"]
[Round "9"]
[White "Kiik, Kalle"]
[Black "Molander, Riku"]
[Result "1-0"]
[WhiteElo "2450"]
[BlackElo "2314"]
[PlyCount "105"]
[EventDate "2001.02.12"]

1. Nf3 Nc6 2. d4 d5 3. Bf4 Bf5 4. e3 e6 5. Bb5 Bd6 6. O-O Nge7 7. c3 O-O 8.
Nbd2 a6 9. Ba4 b5 10. Bc2 Nc8 11. Bg5 Be7 12. Bxe7 N6xe7 13. e4 Bg6 14. Ne5 Nd6
15. Nxg6 Nxg6 16. e5 Nf5 17. Bxf5 exf5 18. f4 Qh4 19. g3 Qh3 20. Qf3 c6 21. Nb3
Rfb8 22. Na5 Rb6 23. a3 Nf8 24. Qg2 Qh6 25. Rf2 Ne6 26. Raf1 Kh8 27. Kh1 Rd8
28. b4 g6 29. Nb3 Rbb8 30. Rf3 Rg8 31. g4 g5 32. gxf5 Nxf4 33. Qg4 Qg7 34. Nc5
h5 35. Qg1 Rbd8 36. Qe3 Qh7 37. Nd3 Qxf5 38. Nxf4 gxf4 39. Qxf4 Qxf4 40. Rxf4
Rg6 41. Rxf7 Rdg8 42. Rf8 Rxf8 43. Rxf8+ Kh7 44. Rf3 Kh6 45. Rg3 Re6 46. Kg2 h4
47. Rg8 Re7 48. Rf8 Kg5 49. Rf6 Kg4 50. h3+ Kh5 51. Kf3 Rg7 52. Kf4 Rg3 53. e6
1-0

[Event "Helsinki Chess Circuit"]
[Site "?"]
[Date "2001.02.20"]
[Round "9"]
[White "Keskinen, Sauli"]
[Black "Nybaeck, Tomi"]
[Result "1-0"]
[WhiteElo "2252"]
[BlackElo "2211"]
[PlyCount "83"]
[EventDate "2001.02.12"]

1. e4 c5 2. Nf3 Nc6 3. d3 e6 4. g3 d5 5. Nbd2 Nf6 6. Bg2 Be7 7. O-O O-O 8. Re1
Rb8 9. e5 Nd7 10. Nf1 b5 11. h4 Re8 12. N1h2 f6 13. exf6 Bxf6 14. Ng5 Nf8 15.
Ng4 h6 16. Nxf6+ Qxf6 17. Nh3 Qf7 18. c4 Bb7 19. cxb5 Nd4 20. Be3 Ba8 21. Bxd4
cxd4 22. Qa4 e5 23. f4 Qg6 24. Kh2 Qxd3 25. fxe5 Qxb5 26. Qxb5 Rxb5 27. b3 Ng6
28. e6 Rb6 29. h5 Nf8 30. e7 Nd7 31. Nf4 Nf6 32. Bh3 Rb7 33. Be6+ Kh7 34. Bf5+
Kg8 35. Be6+ Kh7 36. Nxd5 d3 37. Rad1 d2 38. Rxd2 Kh8 39. Bf7 Rd7 40. Bxe8 Nxe8
41. Rf1 Nf6 42. Rxf6 1-0

[Event "Helsinki Chess Circuit"]
[Site "?"]
[Date "2001.02.20"]
[Round "9"]
[White "Nyysti, Sampsa"]
[Black "Luukkonen, Tommi"]
[Result "1-0"]
[WhiteElo "2284"]
[BlackElo "2158"]
[PlyCount "67"]
[EventDate "2001.02.12"]

1. c4 Nf6 2. g3 d5 3. cxd5 Nxd5 4. Bg2 c5 5. Nc3 Nc7 6. Nf3 Nc6 7. O-O e5 8.
Ne1 Be7 9. Nd3 f6 10. f4 c4 11. Nf2 exf4 12. gxf4 Be6 13. b3 cxb3 14. axb3 O-O
15. e3 Nd5 16. Bb2 Rc8 17. Nxd5 Bxd5 18. e4 Bf7 19. d4 Qb6 20. d5 Nb4 21. Bd4
Bc5 22. Bxc5 Rxc5 23. Rc1 Rxc1 24. Qxc1 f5 25. Qc4 fxe4 26. Bxe4 Rd8 27. Rd1
Qd6 28. Nd3 Nxd5 29. Ne5 Be6 30. f5 Qb6+ 31. Kh1 Nf4 32. Qc1 Bd5 33. Bxd5+ Nxd5
34. Rxd5 1-0

[Event "Helsinki Chess Circuit"]
[Site "?"]
[Date "2001.02.20"]
[Round "9"]
[White "Kekki, Petri"]
[Black "Bergstroem, Rolf"]
[Result "1/2-1/2"]
[WhiteElo "2297"]
[BlackElo "2308"]
[PlyCount "139"]
[EventDate "2001.02.12"]

1. d4 Nf6 2. c4 e6 3. Nc3 Bb4 4. e3 b6 5. Bd2 Bb7 6. f3 Nh5 7. g3 f5 8. Bg2 O-O
9. Nh3 a5 10. O-O Nc6 11. a3 Be7 12. f4 Qe8 13. d5 Nd8 14. Re1 c6 15. e4 fxe4
16. Be3 c5 17. g4 Bh4 18. gxh5 Bxe1 19. Qxe1 Qxh5 20. Qd1 Qh6 21. Ng5 Nf7 22.
Nxf7 Rxf7 23. Nxe4 exd5 24. Ng5 Rf5 25. cxd5 Re8 26. Qb3 a4 27. Qd3 Qg6 28. Rd1
h6 29. Nf3 c4 30. Qc2 Rxe3 31. Nh4 Qg4 32. Nxf5 Re2 33. Ne3 Rxe3 34. h3 Re2 35.
hxg4 Rxc2 36. Be4 Rxb2 37. Bg6 Re2 38. Kf1 Re7 39. Rb1 d6 40. Rxb6 Rd7 41. Bf5
c3 42. Ke1 Rc7 43. Rxd6 Bxd5 44. Rxd5 c2 45. Bxc2 Rxc2 46. Rd4 Rg2 47. f5 h5
48. gxh5 Rg5 49. Rxa4 Rxf5 50. Rh4 Rd5 51. Ke2 Kf7 52. Ke3 Ke6 53. a4 Kf6 54.
Ke4 Ra5 55. Kd3 Kg5 56. Rb4 Kh6 57. Kc4 Rxh5 58. Rb6+ g6 59. Kb4 Rh1 60. a5
Rb1+ 61. Kc5 Ra1 62. a6 Kh5 63. Kc6 g5 64. Kb7 g4 65. a7 Rxa7+ 66. Kxa7 g3 67.
Rb8 Kg4 68. Kb6 g2 69. Kc6 Kf3 70. Rg8 1/2-1/2

[Event "Helsinki Chess Circuit"]
[Site "?"]
[Date "2001.02.20"]
[Round "9"]
[White "Norri, Joose"]
[Black "Van Hoolandt, Patrick"]
[Result "1-0"]
[WhiteElo "2398"]
[BlackElo "2211"]
[PlyCount "87"]
[EventDate "2001.02.12"]

1. d4 Nf6 2. c4 e6 3. Nc3 Bb4 4. e3 c5 5. Bd3 Nc6 6. Nf3 Bxc3+ 7. bxc3 d6 8.
O-O e5 9. Nd2 O-O 10. Rb1 Re8 11. d5 Ne7 12. e4 Ng6 13. g3 Bh3 14. Re1 b6 15.
Nf1 Qc8 16. Ne3 Ne7 17. Rb2 Rb8 18. Kh1 Kh8 19. Rg1 Ng4 20. Nxg4 Bxg4 21. f3
Bd7 22. Rf2 Qa6 23. f4 f6 24. Qh5 Rf8 25. g4 b5 26. g5 g6 27. Qe2 f5 28. cxb5
Bxb5 29. Bxb5 Qxb5 30. c4 Qb1 31. fxe5 Qxe4+ 32. Qxe4 fxe4 33. Rxf8+ Rxf8 34.
exd6 Nf5 35. Be3 Rc8 36. Bxc5 Kg8 37. Rb1 e3 38. d7 Rd8 39. Bxe3 Nxe3 40. Re1
Rxd7 41. Rxe3 Kf7 42. Kg2 Rc7 43. Re4 Rc5 44. Kf3 1-0

[Event "Helsinki Chess Circuit"]
[Site "?"]
[Date "2001.02.20"]
[Round "9"]
[White "Sarakauskas, Gediminas"]
[Black "Pirttimaeki, Timo"]
[Result "1-0"]
[WhiteElo "2408"]
[BlackElo "2257"]
[PlyCount "81"]
[EventDate "2001.02.12"]

1. Nf3 c5 2. g3 g6 3. Bg2 Bg7 4. O-O Nc6 5. d3 e6 6. Nbd2 d5 7. e4 Nge7 8. Re1
O-O 9. h4 b6 10. h5 f6 11. hxg6 hxg6 12. c3 Qd6 13. Nf1 d4 14. cxd4 cxd4 15. e5
fxe5 16. N1d2 Ba6 17. Ne4 Qd7 18. a3 Nd5 19. Nfg5 Rf5 20. Qg4 Bxd3 21. Qh4 Bh8
22. Qh6 Qg7 23. Qxg7+ Bxg7 24. Nxe6 Rh5 25. Nd6 Nce7 26. Bg5 Rb8 27. Bf3 Bh8
28. Bxh5 gxh5 29. Nxd4 exd4 30. Bxe7 Bc2 31. Bg5 d3 32. Nc4 b5 33. Ne5 Nb6 34.
Nc6 Ra8 35. Nb4 Rc8 36. Nxc2 dxc2 37. Ra2 Na4 38. b3 Nb2 39. Rc1 Bd4 40. Be3
Bf6 41. Bxa7 1-0

[Event "Helsinki Chess Circuit ELO"]
[Site "?"]
[Date "2001.02.20"]
[Round "9"]
[White "Turtiainen, Tauno"]
[Black "Lardot, Derik"]
[Result "1-0"]
[WhiteElo "2000"]
[BlackElo "2054"]
[PlyCount "105"]
[EventDate "2001.02.12"]

1. e4 e5 2. Nf3 Nc6 3. Nc3 Nf6 4. d4 exd4 5. Nxd4 Bb4 6. Nxc6 bxc6 7. Bd3 d5 8.
exd5 cxd5 9. Bb5+ Bd7 10. Qe2+ Qe7 11. Bxd7+ Nxd7 12. Qxe7+ Kxe7 13. Bd2 Nb6
14. O-O-O Bd6 15. Nb5 Nc4 16. Nxd6 Kxd6 17. Bf4+ Ne5 18. c4 c6 19. Rd2 Ke6 20.
Re1 f6 21. cxd5+ cxd5 22. Rde2 Rhc8+ 23. Kb1 Kd6 24. Bxe5+ fxe5 25. Rxe5 Rc4
26. Re7 Rg4 27. g3 Rg6 28. Rb7 Rf8 29. f4 Rh6 30. Re2 Kc5 31. Rxa7 Kd4 32. Rd2+
Ke3 33. Rxd5 Rxh2 34. Re7+ Kf3 35. Rd3+ Kg4 36. Rxg7+ Kf5 37. Rc7 Re8 38. a4
Ree2 39. Rb3 Rh1+ 40. Ka2 Re4 41. Rb5+ Kg4 42. Rg5+ Kf3 43. Rc3+ Kf2 44. a5 Rd1
45. a6 Ra4+ 46. Ra3 Rb4 47. Rga5 Rd2 48. Rb3 Rxb3 49. Kxb3 Rd8 50. a7 Ra8 51.
g4 Kg3 52. g5 Kxf4 53. Kc4 1-0

[Event "Helsinki Chess Circuit ELO"]
[Site "?"]
[Date "2001.02.20"]
[Round "9"]
[White "Myllyniemi, Martti"]
[Black "Lako, Mika"]
[Result "1-0"]
[WhiteElo "2155"]
[BlackElo "2174"]
[PlyCount "143"]
[EventDate "2001.02.12"]

1. d4 d5 2. c4 c6 3. e3 Nf6 4. Nc3 g6 5. Nf3 Bg7 6. Bd3 O-O 7. O-O a6 8. a4 c5
9. Ne5 Nc6 10. Nxc6 bxc6 11. dxc5 Qa5 12. cxd5 cxd5 13. Bd2 Qxc5 14. Ne2 Qd6
15. f3 e5 16. Qe1 Qb6 17. Rb1 Bd7 18. b3 Bh6 19. Nc3 Rfc8 20. Kh1 Be6 21. a5
Qxa5 22. Na4 Qd8 23. Ba5 Qd6 24. Nb6 e4 25. Nxc8 Rxc8 26. fxe4 Ng4 27. Qg3 Qxg3
28. hxg3 Bxe3 29. Rb2 d4 30. b4 Ra8 31. Bc7 g5 32. Ra1 h5 33. b5 Nf2+ 34. Rxf2
Bxf2 35. bxa6 Bd7 36. a7 f5 37. exf5 Bc6 38. Bb8 Kf7 39. Ra6 Bd5 40. Rh6 h4 41.
gxh4 gxh4 42. Kh2 Kg7 43. Rg6+ Kf8 44. Kh3 Bg3 45. Rb6 Ke7 46. Rb5 Bc6 47. Rb6
Bd5 48. Bf1 Kf7 49. Kg4 d3 50. Rb5 Be4 51. Rb4 d2 52. Rd4 Bxb8 53. axb8=Q Rxb8
54. Rxd2 Kf6 55. Rd6+ Ke5 56. Re6+ Kd5 57. Kf4 Bc2 58. Re3 Kd4 59. Re5 Rg8 60.
f6 Rf8 61. Re6 Kd5 62. Ra6 Bb1 63. Be2 Bc2 64. Bf3+ Kd4 65. Rd6+ Kc3 66. Kg5
Rh8 67. Rc6+ Kd2 68. Rxc2+ Kxc2 69. f7 Kd3 70. Kg6 Ke3 71. Bg4 Kf4 72. Bh3 1-0

[Event "Helsinki Chess Circuit ELO"]
[Site "?"]
[Date "2001.02.20"]
[Round "9"]
[White "Ciuksyte, Zivile"]
[Black "Tuovinen, Jukka"]
[Result "0-1"]
[WhiteElo "2098"]
[BlackElo "2000"]
[PlyCount "78"]
[EventDate "2001.02.12"]

1. e4 c5 2. Nf3 d6 3. d4 cxd4 4. Nxd4 Nf6 5. Nc3 e6 6. Bg5 Be7 7. f4 h6 8. Bxf6
Bxf6 9. Ndb5 Be7 10. Qd4 O-O 11. O-O-O Nc6 12. Qd3 Qb6 13. Kb1 Rd8 14. Qd2 Rd7
15. g4 a6 16. Na4 Qd8 17. Nd4 Rb8 18. Nf3 d5 19. e5 d4 20. b3 b5 21. Nb2 Bb4
22. Qg2 Bc3 23. g5 h5 24. g6 Qf8 25. Nd2 Qa3 26. Nbc4 bxc4 27. Nxc4 Qc5 28. Qh3
Na5 29. Qxh5 fxg6 30. Qxg6 Rf7 31. Nd6 Rbb7 32. Bd3 Kf8 33. Qh7 Bd7 34. Qh8+
Ke7 35. Qh4+ Rf6 36. exf6+ Kxd6 37. f7 Kc7 38. Qg5 Qa3 39. Qe5+ Kb6 0-1

[Event "Helsinki Chess Circuit"]
[Site "?"]
[Date "2001.02.21"]
[Round "10"]
[White "Molander, Riku"]
[Black "Pirttimaeki, Timo"]
[Result "1-0"]
[WhiteElo "2314"]
[BlackElo "2257"]
[PlyCount "140"]
[EventDate "2001.02.12"]

1. e4 c5 2. Nf3 g6 3. d4 cxd4 4. Nxd4 Bg7 5. Nc3 Nc6 6. Be3 Nf6 7. Bc4 O-O 8.
Bb3 d6 9. f3 Bd7 10. Qd2 Qa5 11. O-O-O Rfc8 12. Rhe1 Ne5 13. Bg5 Nc4 14. Bxc4
Rxc4 15. Nb3 Qa6 16. e5 Rxc3 17. Qxc3 Rc8 18. Qxc8+ Bxc8 19. exf6 Bxf6 20. Bxf6
exf6 21. Re8+ Kg7 22. Rxc8 Qe2 23. Rc7 Qxg2 24. Nd4 h5 25. Rxb7 Qxh2 26. Rxa7
h4 27. b4 h3 28. b5 d5 29. a4 Qb8 30. Nc6 Qf4+ 31. Kb2 Qxf3 32. Rd3 Qf1 33.
Rxh3 Qxh3 34. b6 Qe3 35. b7 Qb6+ 36. Ka1 Qxc6 37. b8=Q Qxc2 38. Qb2 Qd3 39. Ra5
g5 40. Ka2 Qe4 41. Kb3 g4 42. Rc5 d4 43. Rc4 Qf3+ 44. Ka2 f5 45. Rxd4 Kg6 46.
Rd6+ Kg5 47. Qg7+ Kf4 48. Qh6+ Ke4 49. Rd2 Qc3 50. Qh1+ Kf4 51. Qh6+ Ke4 52.
Qh1+ Kf4 53. Qd5 Kg5 54. a5 Qb4 55. Qd8+ f6 56. Qg8+ Kf4 57. Qd5 Kg5 58. Qg8+
Kf4 59. Qd5 Kg5 60. Rd4 Qe7 61. Qg8+ Kh4 62. Qc4 Qe1 63. a6 Qf2+ 64. Kb3 Qe3+
65. Kb4 Qe7+ 66. Qc5 Qe1+ 67. Kb5 Qe8+ 68. Ka5 Qe1+ 69. Kb6 Qe6+ 70. Rd6 Qb3+
1-0

[Event "Helsinki Chess Circuit"]
[Site "?"]
[Date "2001.02.21"]
[Round "10"]
[White "Van Hoolandt, Patrick"]
[Black "Sarakauskas, Gediminas"]
[Result "0-1"]
[WhiteElo "2211"]
[BlackElo "2408"]
[PlyCount "90"]
[EventDate "2001.02.12"]

1. c4 e5 2. g3 c6 3. d4 exd4 4. Qxd4 d5 5. Bg2 Nf6 6. Nf3 Be7 7. cxd5 cxd5 8.
Nc3 Nc6 9. Qa4 O-O 10. O-O Qb6 11. Qb5 d4 12. Qxb6 axb6 13. Nb5 Bc5 14. Rd1 Rd8
15. Bg5 Ra5 16. a4 Bf5 17. b4 Bxb4 18. Nfxd4 Nxd4 19. Nxd4 Bg6 20. Bf4 Rd7 21.
Bh3 Re7 22. Nb5 h6 23. Bd6 Bxd6 24. Rxd6 Rxe2 25. Rxb6 Ne4 26. Rxb7 Nxf2 27.
Bf1 Rd2 28. Ra7 Rxa7 29. Nxa7 Ng4 30. h3 Ne3 31. Nc6 Be4 32. Ne5 h5 33. Re1
Nxf1 34. Rxe4 Nxg3 35. Rb4 f5 36. a5 Ra2 37. Rb5 f4 38. Nf3 g6 39. h4 Nf5 40.
Ne1 Nxh4 41. Nd3 f3 42. Nb2 Nf5 43. Kf2 Kg7 44. Rb7+ Kh6 45. Rb5 h4 0-1

[Event "Helsinki Chess Circuit"]
[Site "?"]
[Date "2001.02.21"]
[Round "10"]
[White "Luukkonen, Tommi"]
[Black "Kekki, Petri"]
[Result "1-0"]
[WhiteElo "2158"]
[BlackElo "2297"]
[PlyCount "85"]
[EventDate "2001.02.12"]

1. e4 e6 2. d4 d5 3. Nc3 Bb4 4. Nge2 dxe4 5. a3 Be7 6. Nxe4 Nd7 7. Bf4 Ngf6 8.
Qd3 Nxe4 9. Qxe4 Nf6 10. Qf3 O-O 11. c4 Rb8 12. Nc3 Bd7 13. O-O-O a6 14. g4 b5
15. g5 Ne8 16. Rg1 bxc4 17. Bxc4 Bb5 18. Ba2 Qc8 19. h4 Nd6 20. Be5 Qb7 21.
Qxb7 Rxb7 22. h5 Rfb8 23. g6 Ne8 24. d5 Bd7 25. Ne4 Rb5 26. Bc4 Ra5 27. Bc3 Ra4
28. gxh7+ Kxh7 29. Bd3 f5 30. Ng5+ Bxg5+ 31. Rxg5 Rf4 32. Re1 exd5 33. Re7 d4
34. Bd2 Rf3 35. Be2 Rxf2 36. h6 Rxe2 37. hxg7 Kg8 38. Rxe2 Nf6 39. Re7 Re8 40.
Rxe8+ Nxe8 41. Bf4 Nf6 42. Be5 Nh7 43. Rg6 1-0